| 000 | 00721nam a22001937a 4500 | ||
|---|---|---|---|
| 999 |
_c168727 _d168727 |
||
| 005 | 20191022160326.0 | ||
| 010 | _aUR-10544 | ||
| 020 |
_c200.00 _a9788193780831 |
||
| 035 | _aU-9099 | ||
| 037 |
_bDBAD/PUB _a- |
||
| 082 | _a841 | ||
| 100 | _aعز يز اللہ شير ا نی عز يز | ||
| 245 |
_aچہچہا ٹ (بچو ں کی نظميں) _cعز يز اللہ شير ا نی عز يز |
||
| 246 |
_bCheh Chaha Hat (Urdu) _aby Azizullah Sheerani |
||
| 260 |
_aN.Delhi _bMarkazi Maktaba Islami Publishers _c2008 ء |
||
| 270 |
_aFarhat Manzil,Kali Paltan,Dewanji ke Kuaiyn ke Pass ,Tonk, _bRajisthan, _e304001 _k9214984819 _l- |
||
| 300 |
_a112 ص _c22 Cm(Hb) |
||
| 942 |
_2ddc _cUR _h841 _mع ز ی |
||